| 000 | 00402nam a2200169Ia 4500 | ||
|---|---|---|---|
| 008 | 220204s9999 xx 000 0 und d | ||
| 082 |
_a579 _bWED |
||
| 100 | _aWEDBERG, Stanley E | ||
| 245 | 0 | _aMicrobes and you | |
| 260 |
_aNew York _bMacmillan _c1954 |
||
| 650 | _aBlood grouping | ||
| 650 | _aFood poisoning | ||
| 650 | _aMicrobes | ||
| 650 | _aMicrobiology | ||
| 650 | _aViruses | ||
| 942 | _cBK | ||
| 999 |
_c21039 _d21039 |
||